Sports Quiz

Random Sports Quiz

Last 50 Liverpool v Chelsea scorers Quiz Stats

 Plays Quiz not verified by Sporcle

Score 0/50 Timer 08:00
4 Plays Today
Club Player % Correct
LiverpoolMohamed Salah
98.5%
LiverpoolSadio Mane
96.9%
LiverpoolFernando Torres
92.5%
LiverpoolSteven Gerrard
91.9%
ChelseaEden Hazard
88.7%
LiverpoolXabi Alonso
88.2%
LiverpoolDaniel Sturridge
87.7%
ChelseaFrank Lampard
85.3%
ChelseaDidier Drogba
85%
LiverpoolJordan Henderson
84.4%
ChelseaJohn Terry
84%
LiverpoolLuis Suarez
77.3%
ChelseaDemba Ba
76.7%
ChelseaDavid Luiz
75.5%
ChelseaWillian
74.3%
ChelseaDiego Costa
73.5%
ChelseaOlivier Giroud
69.7%
ChelseaJoe Cole
65.1%
LiverpoolDejan Lovren
63.4%
LiverpoolPhilippe Coutinho
60.7%
ChelseaGary Cahill
60.3%
LiverpoolDirk Kuyt
59.1%
LiverpoolMartin Skrtel
58.8%
LiverpoolGeorginio Wijnaldum
58.5%
ChelseaEmerson
56.9%
Club Player % Correct
LiverpoolJohn Arne Riise
56%
LiverpoolDaniel Agger
54.2%
ChelseaOscar
53.3%
LiverpoolRaheem Sterling
48.1%
LiverpoolPeter Crouch
47.4%
LiverpoolLuis Garcia
46%
LiverpoolAndy Carroll
45.7%
LiverpoolGlen Johnson
45.7%
ChelseaNicolas Anelka
44.8%
ChelseaFlorent Malouda
43.6%
ChelseaBranislav Ivanovic
41.7%
ChelseaAlex
41.7%
ChelseaRamires
37.1%
LiverpoolFabio Aurelio
33.3%
LiverpoolChristian Benteke
33.3%
ChelseaAndriy Shevchenko
32.2%
LiverpoolRaul Meireles
32%
LiverpoolRyan Babel
30.3%
LiverpoolJermaine Pennant
29.7%
ChelseaSamuel Eto'o
28.1%
LiverpoolEmre Can
27.9%
LiverpoolMaxi Rodriguez
24.7%
LiverpoolLucas Leiva
23.8%
LiverpoolJonjo Shelvey
18.2%
LiverpoolMartin Kelly
9.2%

You're not logged in!

Compare scores with friends on all Sporcle quizzes.
OR
Log In

Show Comments

Extras

Top Quizzes Today


Score Distribution

Your Account Isn't Verified!

In order to create a playlist on Sporcle, you need to verify the email address you used during registration. Go to your Sporcle Settings to finish the process.

Report this User

Report this user for behavior that violates our Community Guidelines.

Details: